000 00696nam a22002057a 4500
999 _c18572
_d18572
003 BDDh-ASL
005 20231015025720.0
008 201015s1985 b ||||| |||| 00| 0 be d
040 _aBDDh-ASL
_cBDDh-ASL
041 _aben
082 _a370
_bIBS
100 1 _91402
_aইব্রাহীম, মুহম্মদ
245 1 0 _aশিক্ষা বিজ্ঞান দর্শন /
246 _aShikkha Biggan Darshan
260 _aঢাকা :
_bমুক্তধারা,
_c১৯৮৫ ।
300 _a১৩৫ পৃ. ;
_c২১ সেমি. ।
650 0 4 _91399
_aশিক্ষা
651 0 4 _91403
_aবিজ্ঞান ও দর্শন
942 _2ddc
_cBK